UM Logo

Improved position sensorless piston stroke control method for linear oscillatory machine via an hybrid terminal sliding-mode observer / (Record no. 21339)

MARC details
000 -LEADER
fixed length control field 01102nam a22002537a 4500
003 - CONTROL NUMBER IDENTIFIER
control field OSt
005 - DATE AND TIME OF LATEST TRANSACTION
control field 20250328161621.0
008 - FIXED-LENGTH DATA ELEMENTS--GENERAL INFORMATION
fixed length control field 240905b ||||| |||| 00| 0 eng d
040 ## - CATALOGING SOURCE
Transcribing agency 0
082 ## - DEWEY DECIMAL CLASSIFICATION NUMBER
Classification number DPer 621.317 Ie21 December 2022 v.37 n. 12 part 1&2.
100 ## - MAIN ENTRY--PERSONAL NAME
Personal name Liao, Kaiju.
Relator term author.
9 (RLIN) 60219
245 ## - TITLE STATEMENT
Title Improved position sensorless piston stroke control method for linear oscillatory machine via an hybrid terminal sliding-mode observer /
Statement of responsibility, etc. Wei Xu, Lili Bai, Yifan Gong, Moustafa Magdi Ismail, and Ion Boldea.
260 ## - PUBLICATION, DISTRIBUTION, ETC. (IMPRINT)
Place of publication, distribution, etc. New York;
Name of publisher, distributor, etc. The Institute of Electrical and Electronics Engineers, Inc.,
Date of publication, distribution, etc. December 2022.
300 ## - PHYSICAL DESCRIPTION
Extent volume 37, pages 14186-14197,
Other physical details illustration.
650 #0 - SUBJECT ADDED ENTRY--TOPICAL TERM
Topical term or geographic name as entry element Current amplitude control.
9 (RLIN) 66014
650 #0 - SUBJECT ADDED ENTRY--TOPICAL TERM
Topical term or geographic name as entry element linear oscillatory machine (LOM).
9 (RLIN) 66015
650 #0 - SUBJECT ADDED ENTRY--TOPICAL TERM
Topical term or geographic name as entry element self-adaptive band-pass filter (SABPF).
9 (RLIN) 66016
700 ## - ADDED ENTRY--PERSONAL NAME
Personal name Liao, Kaiju.
Relator term author.
9 (RLIN) 60219
700 ## - ADDED ENTRY--PERSONAL NAME
Personal name Bai, Lili.
Relator term author.
9 (RLIN) 60220
700 ## - ADDED ENTRY--PERSONAL NAME
Personal name Gong, Yifan.
Relator term author.
9 (RLIN) 60221
700 ## - ADDED ENTRY--PERSONAL NAME
Personal name Ismail, Moustafa Magdi.
Relator term author.
9 (RLIN) 60222
700 ## - ADDED ENTRY--PERSONAL NAME
Personal name Boldea, Ion.
Relator term author.
9 (RLIN) 60223
942 ## - ADDED ENTRY ELEMENTS (KOHA)
Source of classification or shelving scheme Dewey Decimal Classification
Koha item type Periodicals
Holdings
Withdrawn status Lost status Source of classification or shelving scheme Damaged status Not for loan Collection code Home library Current library Date acquired Total Checkouts Full call number Date last seen Price effective from Koha item type Public note
    Dewey Decimal Classification     Periodicals UM Digos College - LIC UM Digos College - LIC 09/05/2024   DPer 621.317 Ie21 December 2022 v.37 n. 12 part 1&2. 09/05/2024 09/05/2024 Periodicals Periodical Article